000 00936nam a22001937a 4500
999 _c6861
_d6861
003 AR-CdUCM
008 190319b ||||| |||| 00| 0 spa d
040 _aMUNICIPALIDAD PROVINCIAL DEL CUSCO
_cBIBLIOTECA MUNICIPAL DEL CUSCO
082 _a541 /
_bM26
100 _aMatínez de las Marías, P.
_919333
245 _aQuímica y Física de los Altos Polímeros y Materias Plásticas /
260 _aEspaña :
_bAlhambra ;
_c1972.
300 _a296 páginas ;
_bDiagramas, fórmulas, ilustraciones, tablas
_c20cm
440 _aColección Exedra - Ciencia Técnica Ingeniería
_n80
_919334
505 _aContenido: Los altos polímeros naturales y semisintéticos I -- Los altos polímeros naturales y semisintéticos II -- Los altos polímeros naturales y semisintéticos III -- Los altos polímeros sintéticos I -- Los altos polímeros sintéticos II...
650 _aFísico-química
_919267
942 _2ddc
_cLIBROS
945 _anom